<?xml version="1.0" encoding="UTF-8"?>
<record
    xmlns:xsi="http://www.w3.org/2001/XMLSchema-instance"
    xsi:schemaLocation="http://www.loc.gov/MARC21/slim http://www.loc.gov/standards/marcxml/schema/MARC21slim.xsd"
    xmlns="http://www.loc.gov/MARC21/slim">

  <leader>02582nam a22002417b 4500</leader>
  <controlfield tag="003">3228</controlfield>
  <controlfield tag="005">20251015124551.0</controlfield>
  <controlfield tag="008">251015b        sa ||||| |||| 00| 0 eng d</controlfield>
  <datafield tag="020" ind1=" " ind2=" ">
    <subfield code="a">9780241643280 (hardback)</subfield>
  </datafield>
  <datafield tag="040" ind1=" " ind2=" ">
    <subfield code="a">MPL</subfield>
    <subfield code="b">English</subfield>
    <subfield code="c">3228</subfield>
    <subfield code="e">rda</subfield>
  </datafield>
  <datafield tag="041" ind1=" " ind2=" ">
    <subfield code="a">English</subfield>
  </datafield>
  <datafield tag="082" ind1=" " ind2="0">
    <subfield code="a">335.43 SAND</subfield>
  </datafield>
  <datafield tag="100" ind1=" " ind2=" ">
    <subfield code="9">197167</subfield>
    <subfield code="a">Sanders ,Bernard </subfield>
    <subfield code="e">Author</subfield>
  </datafield>
  <datafield tag="245" ind1=" " ind2=" ">
    <subfield code="a"> It's OK to be angry about capitalism /</subfield>
    <subfield code="c">Bernard Sanders with  John Nichols  </subfield>
  </datafield>
  <datafield tag="260" ind1=" " ind2=" ">
    <subfield code="a"> [London]:</subfield>
    <subfield code="b"> Allen Lane, an imprint of Penguin Books,</subfield>
    <subfield code="c"> 2023</subfield>
  </datafield>
  <datafield tag="300" ind1=" " ind2=" ">
    <subfield code="a">vi, 293 pages ; </subfield>
    <subfield code="c">24 cm</subfield>
  </datafield>
  <datafield tag="500" ind1=" " ind2=" ">
    <subfield code="a">
Simultaneously published: New York : Crown, [2023]</subfield>
  </datafield>
  <datafield tag="520" ind1=" " ind2=" ">
    <subfield code="a">"A progressive takedown of the uber-capitalist status quo that has enriched millionaires and billionaires at the expense of the working class, and a blueprint for what transformational change would actually look like. It's OK to be angry about capitalism. Reflecting on our turbulent times, Senator Bernie Sanders takes on the billionaire class and speaks blunt truths about our country's failure to address the destructive nature of a system that is fueled by uncontrolled greed and rigidly committed to prioritizing corporate profits over the needs of ordinary Americans. Sanders argues that unfettered capitalism is to blame for an unprecedented level of income and wealth inequality, is undermining our democracy, and is destroying our planet. How can we accept an economic order that allows three billionaires to control more wealth than the bottom half of our society? How can we accept a political system that allows the super rich to buy elections and politicians? How can we accept an energy system that rewards the fossil fuel corporations causing the climate crisis? Sanders believes that, in the face of these overwhelming challenges, the American people must ask tough questions about the systems that have failed us and demand fundamental economic and political change. This is where the path forward begins. It's OK to Be Angry About Capitalism presents a vision that extends beyond the promises of past campaigns to reveal what would be possible if the political revolution took place, if we would finally recognize that economic rights are human rights, and if we would work to create a society that provides a decent standard of living for all. This isn't some utopian fantasy; this is democracy as we should know it"-- Publisher's description</subfield>
  </datafield>
  <datafield tag="650" ind1=" " ind2="0">
    <subfield code="9">197168</subfield>
    <subfield code="a">Capitalism Moral and ethical aspects</subfield>
  </datafield>
  <datafield tag="700" ind1=" " ind2=" ">
    <subfield code="9">197169</subfield>
    <subfield code="a">Sanders, Bernard </subfield>
    <subfield code="e">Author</subfield>
  </datafield>
  <datafield tag="700" ind1=" " ind2=" ">
    <subfield code="9">197171</subfield>
    <subfield code="a"> Nichols, John </subfield>
    <subfield code="e">Author</subfield>
  </datafield>
  <datafield tag="942" ind1=" " ind2=" ">
    <subfield code="2">ddc</subfield>
    <subfield code="c">BOOK</subfield>
    <subfield code="w">5815</subfield>
    <subfield code="x">Pontsho Maoko</subfield>
    <subfield code="y">5815</subfield>
    <subfield code="z">Pontsho Maoko</subfield>
  </datafield>
  <datafield tag="999" ind1=" " ind2=" ">
    <subfield code="c">787424</subfield>
    <subfield code="d">787423</subfield>
  </datafield>
  <datafield tag="952" ind1=" " ind2=" ">
    <subfield code="0">0</subfield>
    <subfield code="1">0</subfield>
    <subfield code="2">ddc</subfield>
    <subfield code="4">0</subfield>
    <subfield code="7">0</subfield>
    <subfield code="8">300</subfield>
    <subfield code="a">KWAML</subfield>
    <subfield code="b">SUNDL</subfield>
    <subfield code="c">GEN</subfield>
    <subfield code="d">2025-10-15</subfield>
    <subfield code="l">0</subfield>
    <subfield code="o">335.43 SAND</subfield>
    <subfield code="p">33228031084528</subfield>
    <subfield code="r">2025-10-15</subfield>
    <subfield code="w">2025-10-15</subfield>
    <subfield code="y">BOOK</subfield>
  </datafield>
</record>
